| 000 | 00467nam a22001697a 4500 | ||
|---|---|---|---|
| 999 |
_c524182 _d524182 |
||
| 003 | NUST | ||
| 038 | _aabdul basit | ||
| 082 |
_a320.4 _bSAL |
||
| 100 |
_aSaleem, Ahmed _914580 |
||
| 245 |
_aNaya almi nizam or Pakistan / _cAhmed Saleem |
||
| 260 |
_aLahore : _bAl khair, _c1991. |
||
| 300 | _a351 p. ; | ||
| 500 | _aHardcover. | ||
| 880 |
_6100-02\r _aاحمد سلیم |
||
| 880 |
_6245-02\r _aنیا عالمی نظام اور پاکستان / |
||
| 942 |
_2ddc _cBK |
||